000 01641cam a2200361 a 4500
001 768714001
003 CO-MdFUSB
005 20220624143849.0
007 ta
008 080306t20082008tnua b 000 0 eng
020 _a0687649390
040 _aDLC
_cCO-MdFUSB
_dYDXCP
_dBTCTA
_dBAKER
_dC#P
_dBWX
_dCDX
_dNLM
_dCOI
_dCAP
_dUtOrBLW
_bspa
_erda
041 _aeng
082 _223
_a576.82
_bP483
100 1 _aPeters, Ted,
_d1941-
_eautor
245 1 0 _aTheological and scientific commentary on Darwin's Origin of species /
_cTed Peters , Martinez Hewlett.
264 1 _aNashville :
_bAbingdon Press,
_c[2008]
264 4 _c2008.
300 _a152 páginas :
_bilustraciones ;
_c23 cm +
_e1 CD-ROM (4 3/4 in.)
336 _atexto
_btxt
_2rdacontent.
337 _asin mediación
_bc
_2rdamedia.
338 _avolumen
_bcd
_2rdacarrier.
500 _aIncluye texto completo de "El origen de las especies (6ª edición)" en CD-ROM.
504 _aIncluye referencias bibliográficas (páginas 139-152).
505 _aOrigen de las especies: la ciencia de la evolución darwiniana -- Perforando las capas de la ideología -- Las muchas teologías de la evolución -- Conceptos científicos: antes y ahora -- Diseño en biología: lo que Darwin pudo ver y no pudo ver -- ¿Qué significa significa ser humano? -- Una hoja de ruta a través del Origen de las especies.
563 _aRústico
600 1 0 _aDarwin, Charles,
_d1809-1882.
_tEn el origen de las especies.
650 7 _aReligión y ciencia
_9259
700 1 _aHewlett, Martinez J.
_q(Martinez Joseph),
_d1942-
_eautor
942 _cBK
945 _aJTF-925
999 _c67666
_d67666